header

Neural networks for intelligent signal processing (Record no. 34645)

MARC details
000 -LEADER
fixed length control field 01324nam a22003254a 4500
082 04 - DEWEY DECIMAL CLASSIFICATION NUMBER
Classification number 006.3/2
100 1# - MAIN ENTRY--AUTHOR NAME
Personal name Zaknich, Anthony.
245 10 - TITLE STATEMENT
Title Neural networks for intelligent signal processing
260 ## - PUBLICATION, DISTRIBUTION, ETC. (IMPRINT)
Place of publication River Edge, NJ :
Name of publisher World Scientific,
Year of publication c2003.
300 ## - PHYSICAL DESCRIPTION
Number of Pages xxiv, 484 p. :
Other physical details ill.
490 1# - SERIES STATEMENT
Series statement Series on innovative intelligence ;
650 #0 - SUBJECT ADDED ENTRY--TOPICAL TERM
Topical Term Neural networks (Computer science)
Topical Term Signal processing
Topical Term Intelligent control systems.
856 40 - ELECTRONIC LOCATION AND ACCESS
Uniform Resource Identifier http://site.ebrary.com/lib/rucke/Doc?id=10255722

No items available.

© 2026 Rongo University
Contact us: librarian | system librarian | Rongo university